00552nam a2200193Ia 450000500170000000800410001702000180005804100120007608200150008810000180010324500720012126000560019330000200024965000200026965000230028965000140031265000140032670000180034020260429112003.0260429s9999||||xx |||||||||||||| ||und|| a9781787151406 aEnglish a547.7bPOT aPotter, Grace 0aBio based polymers : bproperties and applications / cGrace Potter aUnited Kingdom : bKruger Brentt Publishers,c2024. axii, 254 p.; hb a Macromolecules a Organic chemistry a Polymers aChemistry a Hunt, Sharon